Music Quiz

Random Music or Asia Quiz

Guess the kpop group by the song title (2015 version) Quiz Stats

Quiz not verified by Sporcle

Challenge
Share
Tweet
Embed
Score 0/100 Timer 14:00
0 Plays Today
Hint Answer % Correct
TaolaB.I.G
94.3%
Dumb DumbRed Velvet
93.8%
Bang Bang BangBig Bang
93.7%
Lion HeartSNSD
92.8%
LightsaberEXO
92%
Chained UpVIXX
91.6%
4WallsF(x)
91.3%
If You DoGot7
91.2%
ViewSHINee
91.1%
RunBTS
91%
MansaeSeventeen
90.9%
Hello BitchesCL
88.9%
My House2PM
87.4%
Me Gustas TuGfriend
86.9%
Young,Wild & FreeB.A.P
85.7%
Hot PinkEXID
85.7%
BadInfinite
84.4%
CinderellaCNblue
84.2%
Heart AttackAOA
82.9%
ITaeyeon
82.8%
Like Ooh AhhTwice
82.7%
Roll DeepHyuna
82.5%
Ring My BellGirls Day
79.5%
MagicSuper Junior
76.5%
HeroMonsta X
74.4%
ApologyIkon
73.5%
Sweet GirlB1A4
69.9%
23IU
68.8%
Ah ChooLovelyz
68.5%
I Feel YouWonder Girls
66.7%
Only UMiss A
64.9%
Way Back HomeBTOB
64.4%
CongratulationsDay6
64.1%
Hurt Locker9muses
61.7%
Hint Answer % Correct
Sleepless Night9muses
61.7%
Beautiful LiarVIXX LR
60.9%
So DangerousUp10tion
60.9%
PrayFTisland
60.6%
YeYB2ST
60.3%
So CrazyT-ara
58.2%
CloserOh My Girl
56.4%
VibratoStellar
56%
CushionSonamoo
51.7%
SsenunniJessi
51.1%
PetalApink
50.3%
JokerDal Shabet
49.3%
I'm illHello Venus
49%
Boys And GirlsZico
46.9%
Warm HoleBrown Eyed Girls
45.8%
InsaneAilee
45.7%
Girl CrushMamamoo
45.5%
No Make UpZion.T
44.6%
Kiss My LipsBoA
44.4%
DemonstrateRaNia
44.4%
Superfly24k
42.4%
LikeCLC
42.3%
SniperShinhwa
41.5%
Oh My God ThanksMadTown
40.1%
MirrorMblaQ
38.9%
Best Friend Uniq
35.9%
What USpeed
34.7%
A Million PiecesKyuhyun
32.5%
Dream CandyApril
32.2%
The BeatTopp Dogg
32%
BeautifulAmber
31%
LovekillerNiel
30.9%
Where You AtJJCC
26.8%
Get Some AirGary
26.2%
Hint Answer % Correct
Pippi2eyes
25.8%
You KnowJay Park
25.4%
LonelyN.Flying
25.2%
TargetRomeo
23.9%
StormM.A.P6
22.6%
Dear SantaGirls Generation TTS
21.4%
Dead Or AliveHigh4
21.3%
ChewyD.holic
20.3%
OeOJunsu
19.8%
InsensibleHongki
19.4%
Moonlight SonataBig Star
19.1%
SomehowDIA
18.8%
WetJooyoung
18.2%
SkipTahiti
17.4%
Wow Wow WowJunjin
16.8%
Love ShakeMINX
16.5%
DDoDDoMyb
16.5%
A Bad ThingPurfles
14.1%
ContinueZe:a
13.9%
Shall We DanceSnuper
12.5%
Like Ga Na DaAkdong Musician
11.6%
StalkerBeat Win
11.6%
ShadowThe Legend
11.4%
Ordinary LoveKyung
11.4%
Face OffA6P
9.9%
Speed UpMelody Day
9.9%
If You Were MeRoh Ji Hoon
8.5%
Hands UpWanna.B
6.4%
RebornClick B
4.3%
ServiceVividiva
4.2%
So GoodJunho
4.2%
Ppi Ppi Ppa PpaPungdeng-E
2.6%

You're not logged in!

Compare scores with friends on all Sporcle quizzes.
Join for Free
OR
Log In

You Might Also Like...

Show Comments

Extras

Top Quizzes Today


Score Distribution

Your Account Isn't Verified!

In order to create a playlist on Sporcle, you need to verify the email address you used during registration. Go to your Sporcle Settings to finish the process.

Report this User

Report this user for behavior that violates our Community Guidelines.

Details: